|
|
|
|
| LEADER |
02306nam a2200613 i 4500 |
| 001 |
nkc20183064300 |
| 003 |
CZ PrNK |
| 005 |
20190911152539.0 |
| 007 |
ta |
| 008 |
190325s2019 xr ach f 001 0dcze |
| 015 |
|
|
|a cnb003064300
|
| 020 |
|
|
|a 978-80-200-2983-6
|q (vázáno)
|
| 035 |
|
|
|a (OCoLC)1104142497
|
| 040 |
|
|
|a ABA001
|b cze
|d BOA001
|e rda
|
| 043 |
|
|
|a e-xr---
|a n-us---
|
| 045 |
|
|
|a x3y1
|
| 072 |
|
7 |
|a 791
|x Film. Cirkus. Lidová zábava
|2 Konspekt
|9 3
|
| 080 |
|
|
|a 791.633-051
|2 MRF
|
| 080 |
|
|
|a 791.2
|2 MRF
|
| 080 |
|
|
|a (437.3)
|2 MRF
|
| 080 |
|
|
|a (73)
|2 MRF
|
| 080 |
|
|
|a (048.8)
|2 MRF
|
| 100 |
1 |
|
|a Lukeš, Jan,
|d 1950-
|7 jk01072622
|4 aut
|
| 245 |
1 |
0 |
|a Miloš Forman v kostce /
|c Jan Lukeš
|
| 246 |
3 |
0 |
|a V kostce
|
| 250 |
|
|
|a Vydání první
|
| 264 |
|
1 |
|a Praha :
|b Academia,
|c 2019
|
| 300 |
|
|
|a 222 stran :
|b ilustrace (některé barevné), portréty, faksimile ;
|c 24 cm
|
| 336 |
|
|
|a text
|b txt
|2 rdacontent
|
| 336 |
|
|
|a statický obraz
|b sti
|2 rdacontent
|
| 337 |
|
|
|a bez média
|b n
|2 rdamedia
|
| 338 |
|
|
|a svazek
|b nc
|2 rdacarrier
|
| 500 |
|
|
|a Obsahuje filmografii a rejstříky
|
| 600 |
1 |
7 |
|a Forman, Miloš,
|d 1932-2018
|7 jk01031567
|2 czenas
|
| 648 |
|
7 |
|a 20.-21. století
|7 ch462155
|2 czenas
|
| 648 |
|
4 |
|a 1932-2018
|
| 648 |
|
7 |
|a 1961-1970
|7 ch460584
|2 czenas
|
| 648 |
|
7 |
|a 1971-2010
|7 ch460597
|2 czenas
|
| 650 |
0 |
7 |
|a filmoví režiséři
|7 ph120210
|z Česko
|y 20.-21. století
|2 czenas
|
| 650 |
0 |
7 |
|a filmoví režiséři
|7 ph120210
|z Spojené státy americké
|y 20.-21. století
|2 czenas
|
| 650 |
0 |
7 |
|a filmy
|7 ph120215
|z Česko
|y 1961-1970
|2 czenas
|
| 650 |
0 |
7 |
|a filmy
|7 ph120215
|z Spojené státy americké
|y 1971-2010
|2 czenas
|
| 650 |
0 |
9 |
|a film directors
|z Czechia
|y 20th-21st centuries
|2 eczenas
|
| 650 |
0 |
9 |
|a film directors
|z United States
|y 20th-21st centuries
|2 eczenas
|
| 650 |
0 |
9 |
|a films
|z Czechia
|y 1961-1970
|2 eczenas
|
| 650 |
0 |
9 |
|a films
|z United States
|y 1971-2010
|2 eczenas
|
| 655 |
|
7 |
|a monografie
|7 fd132842
|2 czenas
|
| 655 |
|
9 |
|a monographs
|2 eczenas
|
| 910 |
2 |
|
|a BOA001
|b 2-1427.563
|
| 990 |
|
|
|a BK
|
| 995 |
|
|
|a 01
|
| 991 |
|
|
|b 201906
|c NOV
|
| 996 |
6 |
|
|b 2610781983
|c 2-1427.563
|l MZK
|r Sklad / do 1 hodiny
|n 1
|p p.v.
|w 001723629
|u 000010
|a 1
|e BOA001
|j MZK50
|s P
|
| 996 |
7 |
|
|b 2610783939
|c 2-1427.563
|l Vol.výběr
|r VV 1p
|n 4
|p kup
|h 791 LUK
|w 001723629
|u 000020
|a 0
|e BOA001
|j MZK50
|s A
|